MARC

LEADER 00000nam0a2200000 4500
001 351486
005 20231102010416.0
035 |a (RuTPU)RU\TPU\retro\6535 
090 |a 351486 
100 |a 20190606d1940 m y0rusy50 ca 
101 0 |a rus 
102 |a RU 
105 |a a j 001zy 
200 1 |a Эксплуатация и ремонт воздушных линий электропередачи  |e учебное пособие для курсов мастеров социалистического труда  |f С. В. Алексеев, С. С. Гуревич, И. М. Михайлов 
210 |a Москва  |a Ленинград  |c Госэнергоиздат  |d 1940 
215 |a 224 с.  |c ил. 
316 |5 63413507: КР-6573  |a На форзаце владельческая подпись : "А. Воробьев" 
317 |5 63413507: КР-6573  |a Поступил в НТБ в 1987 г. в дар от вдовы ученого Е. К. Завадовской 
320 |a Алфавитный указатель: с. 222-224 
512 1 |a Эксплоатация и ремонт воздушных линий электропередачи 
606 1 |a Электрические линии передачи, воздушные  |x Эксплуатация  |2 stltpush  |3 (RuTPU)RU\TPU\subj\27033  |9 50841 
610 1 |a высоковольтные линии 
610 1 |a оперативное управление 
610 1 |a распределительные устройства 
610 1 |a станции 
610 1 |a подстанции 
610 1 |a повреждения 
610 1 |a аварии 
610 1 |a причины 
610 1 |a осмотры 
610 1 |a ревизия 
610 1 |a замеры 
610 1 |a испытания 
610 1 |a ремонтные работы 
610 1 |a безопасность 
610 1 |a учебные пособия 
610 1 |a библиотека А. А. Воробьева 
610 1 |a дары библиотеке 
675 |a 621.315.17(075)  |v 4 
700 1 |a Алексеев  |b С. В. 
701 1 |a Гуревич  |b С. С. 
701 1 |a Михайлов  |b И. М. 
801 1 |a RU  |b 63413507  |c 20190606 
801 2 |a RU  |b 63413507  |c 20200110  |g RCR 
942 |c BK